Famous Quotes by Year - Statistics

General Stats
  • This quiz has been taken 43 times
  • The average score is 8 of 11
Answer Stats
Year Person Quote % Correct
1963 Martin Luther King Jr. "I have a {dream}..."
100%
44 B.C. Julius Caesar "Et tu {Brute}?"
92%
1775 Patrick Henry "Give me liberty or give me {death}."
89%
1987 Ronald Reagan "Mr. Gorbachev, tear down this {wall}!"
89%
1863 Abraham Lincoln "Four {score} and seven years ago..."
78%
1963 John F. Kennedy "Ich bin ein {Berliner}."
75%
1941 Franklin D. Roosevelt "A day which will live in {infamy}."
72%
c. 1768 London Magazine "No taxation without {representation}."
67%
1793 Marie Antoinette "Pardon me, sir. I did not do it on {purpose}."
67%
1776 Thomas Jefferson "We hold these {truths} to be self-evident..."
67%
1865 John Wilkes Booth "Sic semper {tyrannis}!"
31%
No matching quizzes found
Score Distribution
Percent of People with Each Score
Percentile by Number Answered
Your Score History
You have not taken this quiz